| 000 | 00562nam a2200181 a 4500 | ||
|---|---|---|---|
| 001 | 000009286 | ||
| 003 | DO-SdBNP | ||
| 005 | 20240312192721.0 | ||
| 008 | 090929s1960 pr 001 0 spa d | ||
| 040 |
_aDO-SdBNP _bspa _cBNPHU |
||
| 049 | _aBNPD | ||
| 100 | 1 |
_a Carmen Natalia, _d 1917-1976 _929216 |
|
| 245 | 1 | 0 |
_aLlanto sin término por hijo nunca llegado / _cCarmen Natalia. |
| 260 |
_aSan Juan, Puerto Rico : _bAteneo Puertoriqueño, _c1960. _fImprenta Venezuela |
||
| 300 |
_a35 p. ; _c22 cm. |
||
| 586 | _aPremio festival navidad 1959 | ||
| 942 |
_2ddc _cLBS1 |
||
| 999 |
_c9048 _d9048 |
||